| 000 | 00681pam a2200229 a 4500 | ||
|---|---|---|---|
| 001 | 2994992 | ||
| 005 | 20251103161531.0 | ||
| 008 | 930303s1993 paua b 001 0 eng c | ||
| 020 |
_a0874345553 : _c$26.95 |
||
| 020 | _a9780874345551 | ||
| 050 | 0 | 0 |
_aRT120.I5 _bM65 1993 |
| 082 | 0 | 0 |
_a610.73/61 _220 |
| 245 | 0 | 0 | _aMonitoring critical functions. |
| 260 |
_aSpringhouse, Pa. : _bSpringhouse Corp., _cc1993. |
||
| 300 |
_aix, 229 p. : _bill. (some col.) ; _c27 cm. |
||
| 440 | 0 | _aAdvanced skills | |
| 650 | 0 | _aIntensive care nursing. | |
| 650 | 0 | _aPatient monitoring. | |
| 650 | 2 |
_aMonitoring, Physiologic _xmethods. |
|
| 710 | 2 | _aSpringhouse Corporation. | |
| 942 |
_2lcc _cBK _n0 |
||
| 999 |
_c8003 _d8003 |
||